An enemy of the people the wild Duck Rosmersholm

Uloženo v:
Podrobná bibliografie
Hlavní autor: Ibsen, Henrik (Autor)
Médium: Kniha
Jazyk:angličtina
Vydáno: Oxford Oxford University Press 1988
Témata:
Tagy: Přidat tag
Žádné tagy, Buďte první, kdo vytvoří štítek k tomuto záznamu!

MARC

LEADER 00000nam a2200000 a 4500
001 UCP2858
003 CL-VaPUC
005 20220705093021.0
008 990604e19880000UK |||||||||||||||||eng|d
999 |c 281326  |d 281324 
040 |c Pontificia Universidad Católica de Valparaíso 
082 0 4 |a 839.82  |b IBS  |2 21 
100 |a Ibsen, Henrik  |e author  |9 858009 
245 1 3 |a An enemy of the people the wild Duck Rosmersholm 
260 |a Oxford  |b Oxford University Press  |c 1988 
300 |a 311 p 
583 |a last modification  |c 19990604 00:00:00  |k Rodrigo Vera 
650 0 |a Dramas noruegos  |9 330527 
852 |a BIBCUR 
942 |c BK  |2 ddc 
945 |d 19990604 00:00:00  |a rbrito 
952 |0 0  |1 0  |4 0  |6 839_820000000000000_IBS_1988  |7 0  |8 A  |9 322035  |a BIBEDU  |b BIBEDU  |d 2019-11-20  |i 3528251  |o 839.82 IBS 1988  |p 3528251  |r 2019-11-20  |w 2019-11-20  |y BK  |k LIT